Laufey Lyrics - Snow White - Statistics

General Stats
  • This quiz has been taken 37 times
  • The average score is 142 of 184
Answer Stats
Lyrics % Correct
I
100%
A
95%
a
95%
I’m
95%
is
95%
the
95%
The
95%
her
90%
her,
90%
Her
90%
Snow
90%
White
90%
for
86%
me,
86%
me
86%
my
86%
she
86%
all
81%
beauty,
81%
body,
81%
body
81%
don’t
81%
girl
81%
it
81%
it,
81%
like
81%
looks
81%
of
81%
They
81%
to
81%
world
81%
along
76%
at
76%
but
76%
But
76%
have
76%
I’ll
76%
In
76%
it’s
76%
just
76%
least
76%
plays
76%
skin
76%
so
76%
tell
76%
think
76%
try
76%
wrong
76%
always
71%
And
71%
best
71%
can
71%
currency
71%
debate
71%
enough
71%
fair
71%
lies
71%
mind
71%
never
71%
not
71%
place,
71%
pretty,
71%
sick
71%
up
71%
woman’s
71%
brain
67%
mirrors
67%
people
67%
see
67%
skinny
67%
skinny,
67%
smaller,
67%
want
67%
wins
67%
are
62%
Can’t
62%
everything
62%
help
62%
notice,
62%
She’s
62%
Sometimes
62%
ways
62%
which
62%
dreamed
52%
I’ve
52%
myself,
52%
same
52%
that
52%
turned
52%
achieved
48%
am
48%
failed
48%
wrongs
48%
rights
43%
No matching quizzes found
Score Distribution
Percent of People with Each Score
Percentile by Number Answered
Your Score History
You have not taken this quiz